000 01285nam a2200337 a 4500
001 ebr10416311
003 CaPaEBR
006 m u
007 cr cn|||||||||
008 101001s2006 ii a sb 001 0 eng d
020 _z9788189645083
020 _z8189645080
040 _aCaPaEBR
_cCaPaEBR
035 _a(OCoLC)639015854
043 _aa-ii---
050 1 4 _aHQ1742
_b.Y33 2006eb
100 1 _aYadav, Neelima.
245 1 0 _aGender, caste and class in India
_h[electronic resource] /
_cby Neelima Yadav.
260 _aNew Delhi :
_bPragun Publications,
_c2006.
300 _avi, 266 p. :
_bill.
504 _aIncludes bibliographical references (p. [263]-264)and index.
533 _aElectronic reproduction.
_bPalo Alto, Calif. :
_cebrary,
_d2010.
_nAvailable via World Wide Web.
_nAccess may be limited to ebrary affiliated libraries.
650 0 _aWomen
_zIndia
_xSocial conditions.
650 0 _aWomen
_zIndia
_xEconomic conditions.
650 0 _aSex discrimination against women
_zIndia.
650 0 _aCaste
_zIndia.
650 0 _aSocial classes
_zIndia.
655 7 _aElectronic books.
_2local
710 2 _aebrary, Inc.
856 4 0 _uhttp://site.ebrary.com/lib/rucke/Doc?id=10416311
_zAn electronic book accessible through the World Wide Web; click to view
999 _c84276
_d84276